000 00761cam a22002537a 4500
999 _c20781
_d20781
003 BJBSDDR
005 20230410103532.0
007 ta
008 850514s1975 dr 000 0 spa
035 _a2873958
040 _aDLC
_cDLC
_bspa
041 _aspa
050 1 4 _a118 PQ 7409
_bV443d 1975
082 _a863.44
100 1 _aVeloz Maggiolo, Marcio,
_d1936-
245 1 0 _aDe abril en adelante /
_cMarcio Veloz Maggiolo.
260 _aSanto Domingo :
_bEditora Taller,
_cc1975.
300 _a278 p. ;
_c21 cm.
490 0 _aBiblioteca Taller ;
_vno. 53
650 0 _94618
_aNovela dominicana
651 4 _92656
_aRepública Dominicana
_xHistoria
_yOcupación norteamericana, 1965-1966
_vNovela
830 _99503
_aBiblioteca Taller ;
942 _2lcc
_cBK